| 000 | 00648nam a2200181 i 4500 | ||
|---|---|---|---|
| 001 | 84688 | ||
| 003 | ES-MaACL | ||
| 005 | 20230906175053.0 | ||
| 007 | t| | ||
| 008 | 041123s1948 sp ||||1| spa d | ||
| 100 | 1 |
_aJansen, Guillermo H. _966058 |
|
| 245 | 1 | 0 |
_aCompendio y atlas de electrocardiografía / _cpor Guillermo H. Jansen y Juan Haas ; traducido del alemán y con notas adicionales por J. Gilbert-Queraltó. |
| 260 |
_aBarcelona : _bPubul, _c1948 ( _fLa Neotipia) |
||
| 300 |
_a163 p. : _bil. ; _c29 cm. |
||
| 700 | 1 |
_aGibert-Queraltó, Juan ( _d1907-1998) _956653 |
|
| 700 | 1 |
_aHaas, Hans. _9163241 |
|
| 852 |
_aES-MaACL _jB-1727 _bR.25748 |
||
| 999 |
_c84688 _d84688 |
||